Bundesstaaten der USA Quiz - Blindes tippen - Statistiken

Allgemein
  • Dieses Quiz wurde 466 mal gespielt
  • Das Durchschnittsergebnis liegt bei 38 aus 50
Antwortstatistiken
Bundesstaaten % Korrekt
CA Kalifornien
84%
NY New York
84%
AK Alaska
83%
TX Texas
83%
WA Washington
83%
FL Florida
80%
HI Hawaii
80%
NV Nevada
80%
NM New Mexico
80%
ND North Dakota
80%
SD South Dakota
80%
AL Alabama
79%
UT Utah
79%
ME Maine
78%
NC North Carolina
78%
OH Ohio
78%
SC South Carolina
78%
AZ Arizona
77%
AR Arkansas
77%
GA Georgia
77%
IL Illinois
77%
KS Kansas
77%
MS Mississippi
77%
ID Idaho
76%
IN Indiana
76%
VA Virginia
76%
KY Kentucky
75%
MT Montana
75%
WV West Virginia
75%
IA Iowa
74%
OR Oregon
74%
NH New Hampshire
73%
PA Pennsylvania
73%
RI Rhode Island
73%
TN Tennessee
73%
LA Louisiana
72%
MI Michigan
72%
NJ New Jersey
72%
VT Vermont
72%
DE Delaware
71%
MO Missouri
71%
WY Wyoming
71%
CO Colorado
70%
CT Connecticut
70%
MD Maryland
70%
OK Oklahoma
70%
NE Nebraska
69%
MN Minnesota
68%
WI Wisconsin
68%
MA Massachusetts
66%
Keine übereinstimmenden Quizze gefunden
Verteilung der Resultate
Anzahl Personen mit jedem Resultat
Perzentil nach korrekt beantworteten Fragen
Ihre Resultats-Entwicklung
Sie haben dieses Quiz noch nicht gespielt